000 00968naa a22003137a 4500
001 BR9301665
003 BR-BrBNA
005 20240918181018.0
007 ta
008 230509b bl.||||| |||| 00| 0 por d
040 _aBR-BrBNA
_bpor
_cBiblioteca Nacional de Agricultura
041 _a(Pt)
072 _aF06
_b1540
090 _aF06 BR9301665
100 1 _aSena, Z.
100 1 _aConceicao, A.J. da
100 1 _aCampos, H. dos R.
245 1 _aRespostas de cultivares de mandioca a irrigacao
260 3 _aCruz das Almas, BA (Brasil):
_c1977.
500 _aInforme cientifico anual, no. 1 Cruz das Almas, BA (Brasil): 1977. p. 97-100 (BR9301665-AM)F06
650 _aMandioca
650 _aIrrigacao
650 _aVariedade
650 _aMateria Seca
650 _aAmido
773 0 _tInforme cientifico anual, no. 1
_wF06 BR9301665
_gCruz das Almas, BA (Brasil), 1977. p. 97-100
909 _a202404
_bLucia
_c55
_dLucia Elande
942 _cAM
_2AGRIS
999 _c323186
_d323186